000 00327nam a22001457a 4500
008 210514b ||||| |||| 00| 0 eng d
020 _a0256019266
041 _aeng
080 _29th
_a338
082 _a338
100 _a53
101 _aMEN
245 _aModern Retailing Management
_cDelbert J. Ducan
942 _2udc
_cBK
999 _c57322
_d57322